000 00608nam a22002057a 4500
999 _c18455
_d18455
003 AR-CdUCM
008 190514b ||||| |||| 00| 0 spa d
040 _aMUNICIPALIDAD PROVINCIAL DEL CUSCO
_cBIBLIOTECA MUNICIPAL DEL CUSCO
082 _a843 /
_bD83
100 _a Deu Terrail, Ponson
_939063
245 _aLa bella platera :
_bLa juventud de Enrique IV /
260 _aBuenos Aires :
_bTor,
_c1957.
300 _a255 páginas ;
_c25 cm.
505 _aContenido : Novela.
650 _aLiteratura
_983
650 _aNovela
_95
700 _aUrquiola, C.
_939064
942 _2ddc
_cLIBROS
945 _arcc